Minecraft Armor Trims - Sudden Death - Statistics

General Stats
  • This quiz has been taken 55 times
  • The average score is 10 of 17
Answers on the Grid
Answers color-coded by a green-red scale on the quiz's grid according to % correct below.
Shaper
Sentry
Hollow
Shale
Eye
Twilight
Flow
Host
Raiser
Crater
Rib
Dune
Bolt
Silence
Snout
Drifter
Verdant
Spire
Tide
Vex
Ashen
Ward
Echo
Wayfinder
Wild
 
Answer Stats
Answer % Correct
Eye
82%
Dune
74%
Sentry
74%
Rib
71%
Silence
62%
Snout
62%
Bolt
59%
Flow
59%
Ward
59%
Vex
56%
Wayfinder
56%
Wild
56%
Shaper
53%
Raiser
50%
Tide
50%
Spire
47%
Host
41%
No matching quizzes found
Score Distribution
Percent of People with Each Score
Percentile by Number Answered
Your Score History
You have not taken this quiz